00000000cam 2200000zi 4500
0019.953876
003CaOODSP
00520260603113526
006m     o  d f      
007cr cn ||||||||
008250807s2025    quca    o    f000 0 eng d
020 |a9780660783932
040 |aCaOODSP|beng|erda|cCaOODSP
043 |an-cn---
0861 |aR122-53/2-2025E-PDF
24504|aThe collaborative process on the second-generation cut-off and section 10 voting thresholds : |bconsultation plan placemat.
264 1|a[Gatineau, Quebec] : |bIndigenous Services Canada = Services aux Autochtones Canada, |c[2025]
300 |a1 online resource (1 unnumbered page) : |billustrations
336 |atext|btxt|2rdacontent
337 |acomputer|bc|2rdamedia
338 |aonline resource|bcr|2rdacarrier
500 |aCaption title.
500 |aIssued also in French under title: Le processus de collaboration sur l'exclusion après la deuxième génération et les seuils de vote en vertu de l'article 10 : affiche pour le plan de consultation.
520 |a"The purpose of this placemat is to provide an overview of the plan for the consultation period of the collaborative process on the second-generation cut-off and Section 10 voting thresholds"--Page [1].
530 |aIssued also in printed form.
650 5|aFirst Nations|xLegal status, laws, etc.
650 5|aFirst Nations|xBand membership.
7101 |aCanada. |bIndigenous Services Canada, |eissuing body.
77508|tLe processus de collaboration sur l'exclusion après la deuxième génération et les seuils de vote en vertu de l'article 10 : |w(CaOODSP)9.953874
7760#|tThe collaborative process on the second-generation cut-off and section 10 voting thresholds : |w(CaOODSP)9.953875
85640|qPDF|s378 KB|uhttps://publications.gc.ca/collections/collection_2026/sac-isc/R122-53-2-2025-eng.pdf